<?xml version="1.0" encoding="UTF-8"?>
<marc:record xmlns:marc="http://www.loc.gov/MARC21/slim">
   <marc:leader>00000nam a2200000 a 4500</marc:leader>
   <marc:datafield ind1="1" ind2=" " tag="100">
      <marc:subfield code="a">Chapman, Jane</marc:subfield>
      <marc:subfield code="4">aut</marc:subfield>
      <marc:subfield code="e">Verfasser/-in</marc:subfield>
   </marc:datafield>
   <marc:datafield ind1=" " ind2=" " tag="653">
      <marc:subfield code="a">Weihnachten</marc:subfield>
   </marc:datafield>
   <marc:datafield ind1="0" ind2="0" tag="245">
      <marc:subfield code="a">Der ganze Wald freut sich auf Weihnachten</marc:subfield>
   </marc:datafield>
   <marc:datafield ind1="0" ind2="0" tag="245">
      <marc:subfield code="b">weihnachtliches Bilderbuch ab 4 Jahren; Anthologie</marc:subfield>
   </marc:datafield>
   <marc:datafield ind1=" " ind2="1" tag="264">
      <marc:subfield code="b">Loewe</marc:subfield>
      <marc:subfield code="c">2012</marc:subfield>
   </marc:datafield>
   <marc:datafield ind1="1" ind2=" " tag="520">
      <marc:subfield code="a">Klappentext: Glitzerschnee, Plätzchenduft und Geschenke: Weihnachten ist die schönste Zeit des Jahres - das wissen selbst die Tiere im Wald! Bisweilen geschehen sogar kleine Wunder: Der kleine Bär macht sich auf, um den Mond zu besuchen, der kleine Hase reist ins ferne Land des Nordsterns und vielleicht können sogar Grummels Freunde den Griesgram davon überzeugen, dass Weihnachten einfach wunderbar ist. Drei liebevoll illustrierte Bilderbuchgeschichten zur Weihnachtszeit in einem Band.

Grummel freut sich auf Weihnachten; Der kleine Bär und das Mondscheinwunder; Der kleine Hase und das Schneeflockengeflüster</marc:subfield>
   </marc:datafield>
   <marc:datafield ind1=" " ind2=" " tag="020">
      <marc:subfield code="a">9783785575642</marc:subfield>
      <marc:subfield code="9">9783785575642</marc:subfield>
   </marc:datafield>
</marc:record>
